[Event "DVM U20w 2023"]
[Site "Magdeburg GER"]
[Date "2023.12.28"]
[Round "3"]
[White "Quauck, Isabell"]
[Black "Fischer, Darja"]
[Result "0-1"]
[Termination "normal"]
[Board "6.2"]
[WhiteElo "931"]
[BlackElo "1775"]
[WhiteClock "01:21:00"]
[BlackClock "01:24:54"]
[WhiteTeam "SV Eintracht Tangerhütte"]
[BlackTeam "Karlsruher SF 1853"]
[PlyCount "54"]
[WhiteFideId "34665390"]
[BlackFideId "16240898"]
[EventCountry "GER"]
[EventRounds "7"]
[EventType "team-swiss"]
[EventDate "2023.12.26"]

1. b4 {[%clk 01:30:58]} {[%emt 00:00:02]} e5 {[%clk 01:30:56]} {[%emt
00:00:05]} 2. Bb2 {[%clk 01:31:19]} {[%emt 00:00:09]} Bxb4 {[%clk 01:31:20]}
{[%emt 00:00:06]} 3. Bxe5 {[%clk 01:31:38]} {[%emt 00:00:10]} Nf6 {[%clk
01:31:44]} {[%emt 00:00:07]} 4. a3 {[%clk 01:31:48]} {[%emt 00:00:19]} Ba5
{[%clk 01:32:06]} {[%emt 00:00:09]} 5. Nf3 {[%clk 01:31:30]} {[%emt 00:00:48]}
O-O {[%emt 00:01:03]} 6. e3 {[%clk 01:30:35]} {[%emt 00:00:34]} d5 {[%clk
01:32:19]} {[%emt 00:00:36]} 7. Bd3 {[%clk 01:29:34]} {[%emt 00:01:31]} Re8
{[%clk 01:31:04]} {[%emt 00:01:45]} 8. O-O {[%emt 00:02:35]} Bg4 {[%clk
01:29:58]} {[%emt 00:01:29]} 9. Bc3 {[%clk 01:27:39]} {[%emt 00:00:27]} Bb6
{[%clk 01:29:33]} {[%emt 00:00:56]} 10. Be2 {[%clk 01:27:44]} {[%emt 00:00:24]}
c5 {[%clk 01:29:04]} {[%emt 00:00:59]} 11. d4 {[%clk 01:25:53]} {[%emt
00:02:20]} cxd4 {[%clk 01:23:20]} {[%emt 00:06:14]} 12. exd4 {[%clk 01:25:37]}
{[%emt 00:00:45]} Nc6 {[%clk 01:23:25]} {[%emt 00:00:27]} 13. Re1 {[%clk
01:25:03]} {[%emt 00:01:04]} Bxf3 {[%clk 01:23:17]} {[%emt 00:00:38]} 14. Bxf3
{[%clk 01:25:15]} {[%emt 00:00:16]} Nxd4 {[%clk 01:23:16]} {[%emt 00:00:32]}
15. Rxe8+ {[%emt 00:04:46]} Qxe8 {[%clk 01:23:42]} {[%emt 00:00:02]} 16. h3
{[%clk 01:20:48]} {[%emt 00:00:44]} Nxf3+ {[%clk 01:23:45]} {[%emt 00:00:27]}
17. Qxf3 {[%clk 01:21:04]} {[%emt 00:00:13]} Ne4 {[%clk 01:23:01]} {[%emt
00:01:14]} 18. Bb2 {[%clk 01:20:47]} {[%emt 00:00:47]} Bxf2+ {[%clk 01:22:57]}
{[%emt 00:00:36]} 19. Kf1 {[%clk 01:21:01]} {[%emt 00:00:14]} Qb5+ {[%clk
01:22:13]} {[%emt 00:01:15]} 20. Qe2 {[%clk 01:20:28]} {[%emt 00:01:03]} Ng3+
{[%clk 01:22:37]} {[%emt 00:00:06]} 21. Kxf2 {[%clk 01:20:28]} {[%emt
00:00:29]} Nxe2 {[%clk 01:22:59]} {[%emt 00:00:08]} 22. Be5 {[%clk 01:20:05]}
{[%emt 00:00:54]} Re8 {[%clk 01:23:18]} {[%emt 00:00:10]} 23. Nc3 {[%clk
01:20:20]} {[%emt 00:00:15]} Nxc3 {[%clk 01:23:42]} {[%emt 00:00:06]} 24. Bxc3
{[%clk 01:20:09]} {[%emt 00:00:41]} Qc5+ {[%clk 01:24:07]} {[%emt 00:00:06]}
25. Kf1 {[%clk 01:20:46]} {[%emt 00:00:24]} Qxc3 {[%clk 01:24:50]} {[%emt
00:00:16]} 26. Rb1 {[%clk 01:20:47]} {[%emt 00:00:29]} Qd2 {[%clk 01:24:30]}
{[%emt 00:00:50]} 27. Rxb7 {[%clk 01:21:00]} {[%emt 00:00:17]} Re1# {[%clk
01:24:54]} {[%emt 00:00:07]} 0-1

[Event "DVM U20w 2023"]
[Site "Magdeburg GER"]
[Date "2023.12.28"]
[Round "3"]
[White "Hoffmann, Sophia"]
[Black "Schönfeld, Emily"]
[Result "1-0"]
[Termination "normal"]
[Board "6.3"]
[WhiteElo "1423"]
[BlackElo "778"]
[WhiteClock "01:20:48"]
[BlackClock "00:48:10"]
[WhiteTeam "Karlsruher SF 1853"]
[BlackTeam "SV Eintracht Tangerhütte"]
[PlyCount "95"]
[WhiteFideId "16259130"]
[BlackFideId "34681647"]
[EventCountry "GER"]
[EventRounds "7"]
[EventType "team-swiss"]
[EventDate "2023.12.26"]

1. d4 {[%clk 01:30:57]} {[%emt 00:00:03]} f6 {[%clk 01:29:54]} {[%emt
00:01:07]} 2. Nf3 {[%clk 01:31:08]} {[%emt 00:00:18]} e5 {[%clk 01:28:18]}
{[%emt 00:02:07]} 3. dxe5 {[%clk 01:30:25]} {[%emt 00:01:12]} fxe5 {[%clk
01:27:44]} {[%emt 00:01:04]} 4. Nxe5 {[%clk 01:27:38]} {[%emt 00:03:17]} Bc5
{[%clk 01:27:16]} {[%emt 00:00:55]} 5. Nf3 {[%clk 01:20:42]} {[%emt 00:07:29]}
d6 {[%clk 01:26:23]} {[%emt 00:01:23]} 6. Bg5 {[%clk 01:18:58]} {[%emt
00:02:12]} Nf6 {[%clk 01:22:59]} {[%emt 00:03:54]} 7. e4 {[%clk 01:17:53]}
{[%emt 00:01:36]} Bg4 {[%clk 01:21:58]} {[%emt 00:01:30]} 8. h3 {[%clk
01:17:08]} {[%emt 00:01:15]} Bxf3 {[%clk 01:21:37]} {[%emt 00:00:51]} 9. Qxf3
{[%clk 01:17:25]} {[%emt 00:00:13]} d5 {[%clk 01:21:23]} {[%emt 00:00:44]} 10.
e5 {[%clk 01:16:18]} {[%emt 00:01:38]} Bb4+ {[%clk 01:21:03]} {[%emt 00:00:50]}
11. c3 {[%clk 01:16:03]} {[%emt 00:00:45]} Qe7 {[%clk 01:18:44]} {[%emt
00:02:49]} 12. Bxf6 {[%clk 01:13:45]} {[%emt 00:02:48]} gxf6 {[%clk 01:18:11]}
{[%emt 00:01:03]} 13. cxb4 {[%clk 01:13:32]} {[%emt 00:00:43]} Qxe5+ {[%clk
01:18:21]} {[%emt 00:00:20]} 14. Qe2 {[%clk 01:13:37]} {[%emt 00:00:25]} d4
{[%clk 01:16:12]} {[%emt 00:02:39]} 15. Qxe5+ {[%clk 01:13:13]} {[%emt
00:00:55]} fxe5 {[%clk 01:16:22]} {[%emt 00:00:20]} 16. Nd2 {[%clk 01:13:30]}
{[%emt 00:00:13]} Nc6 {[%clk 01:14:21]} {[%emt 00:02:27]} 17. Bb5 {[%clk
01:13:44]} {[%emt 00:00:19]} a6 {[%clk 01:13:43]} {[%emt 00:01:08]} 18. Bxc6+
{[%clk 01:14:08]} {[%emt 00:00:07]} bxc6 {[%clk 01:13:53]} {[%emt 00:00:20]}
19. O-O-O {[%clk 01:14:14]} {[%emt 00:00:23]} a5 {[%clk 01:11:38]} {[%emt
00:02:46]} 20. bxa5 {[%clk 01:13:40]} {[%emt 00:01:05]} Rxa5 {[%clk 01:11:57]}
{[%emt 00:00:11]} 21. Kc2 {[%clk 01:13:29]} {[%emt 00:00:40]} Rxa2 {[%clk
01:11:46]} {[%emt 00:00:40]} 22. Ra1 {[%clk 01:13:46]} {[%emt 00:00:14]} Rxa1
{[%clk 01:11:42]} {[%emt 00:00:34]} 23. Rxa1 {[%clk 01:14:11]} {[%emt
00:00:05]} Rf8 {[%clk 01:11:13]} {[%emt 00:00:58]} 24. Ra8+ {[%clk 01:14:21]}
{[%emt 00:00:21]} Kf7 {[%clk 01:11:24]} {[%emt 00:00:19]} 25. Rxf8+ {[%clk
01:14:45]} {[%emt 00:00:06]} Kxf8 {[%clk 01:11:41]} {[%emt 00:00:13]} 26. Kd3
{[%clk 01:15:08]} {[%emt 00:00:08]} h5 {[%clk 01:10:52]} {[%emt 00:01:17]} 27.
Ke4 {[%clk 01:15:14]} {[%emt 00:00:25]} h4 {[%clk 01:07:51]} {[%emt 00:03:30]}
28. Kxe5 {[%clk 01:15:36]} {[%emt 00:00:08]} d3 {[%clk 00:59:46]} {[%emt
00:08:36]} 29. Kd4 {[%clk 01:15:57]} {[%emt 00:00:08]} Ke7 {[%clk 00:59:14]}
{[%emt 00:01:01]} 30. Kxd3 {[%clk 01:16:18]} {[%emt 00:00:09]} Kd6 {[%clk
00:57:55]} {[%emt 00:01:50]} 31. Nf3 {[%clk 01:16:14]} {[%emt 00:00:33]} c5
{[%clk 00:57:24]} {[%emt 00:01:01]} 32. Nxh4 {[%clk 01:16:38]} {[%emt
00:00:07]} Kd5 {[%clk 00:56:32]} {[%emt 00:01:22]} 33. f4 {[%clk 01:16:49]}
{[%emt 00:00:18]} c4+ {[%clk 00:56:48]} {[%emt 00:00:16]} 34. Kc3 {[%clk
01:16:54]} {[%emt 00:00:24]} Ke4 {[%clk 00:56:20]} {[%emt 00:00:55]} 35. f5
{[%clk 01:17:08]} {[%emt 00:00:19]} Ke5 {[%clk 00:56:35]} {[%emt 00:00:14]} 36.
g4 {[%clk 01:17:22]} {[%emt 00:00:17]} c5 {[%clk 00:52:46]} {[%emt 00:04:19]}
37. Kxc4 {[%clk 01:17:41]} {[%emt 00:00:10]} Kd6 {[%clk 00:53:04]} {[%emt
00:00:13]} 38. g5 {[%clk 01:17:54]} {[%emt 00:00:17]} Ke5 {[%clk 00:51:28]}
{[%emt 00:02:05]} 39. g6 {[%clk 01:18:11]} {[%emt 00:00:14]} Kf6 {[%clk
00:51:21]} {[%emt 00:00:36]} 40. Kxc5 {[%clk 01:18:34]} {[%emt 00:00:07]} Kg7
{[%clk 00:50:04]} {[%emt 00:01:46]} 41. b4 {[%clk 01:18:55]} {[%emt 00:00:10]}
Kf6 {[%clk 00:49:47]} {[%emt 00:00:46]} 42. b5 {[%clk 01:19:16]} {[%emt
00:00:10]} Kg5 {[%clk 00:49:12]} {[%emt 00:01:04]} 43. g7 {[%clk 01:19:34]}
{[%emt 00:00:11]} Kxh4 {[%clk 00:49:32]} {[%emt 00:00:11]} 44. g8=Q {[%clk
01:19:39]} {[%emt 00:00:23]} Kxh3 {[%clk 00:49:30]} {[%emt 00:00:34]} 45. Kd4
{[%clk 01:20:04]} {[%emt 00:00:05]} Kh2 {[%clk 00:48:44]} {[%emt 00:01:05]} 46.
Ke3 {[%clk 01:20:29]} {[%emt 00:00:16]} Kh3 {[%clk 00:47:55]} {[%emt 00:01:20]}
47. Kf3 {[%clk 01:20:48]} {[%emt 00:00:10]} Kh4 {[%clk 00:48:10]} {[%emt
00:00:15]} 48. Qg4+ {[%emt 00:00:06]} 1-0

[Event "DVM U20w 2023"]
[Site "Magdeburg GER"]
[Date "2023.12.28"]
[Round "3"]
[White "Kohl, Natalie"]
[Black "Falke, Ornella"]
[Result "0-1"]
[Termination "normal"]
[Board "7.1"]
[BlackTitle "WCM"]
[WhiteElo "1504"]
[BlackElo "1969"]
[WhiteClock "00:01:19"]
[BlackClock "00:17:10"]
[WhiteTeam "Meuselwitzer SV"]
[BlackTeam "Elmshorner SC 1896"]
[PlyCount "62"]
[WhiteFideId "12967408"]
[BlackFideId "16207092"]
[EventCountry "GER"]
[EventRounds "7"]
[EventType "team-swiss"]
[EventDate "2023.12.26"]

1. e4 {[%clk 01:30:27]} {[%emt 00:00:33]} c6 {[%clk 01:30:50]} {[%emt
00:00:10]} 2. d4 {[%clk 01:30:11]} {[%emt 00:00:45]} d5 {[%clk 01:31:14]}
{[%emt 00:00:06]} 3. Nd2 {[%clk 01:30:07]} {[%emt 00:00:34]} dxe4 {[%clk
01:31:04]} {[%emt 00:00:41]} 4. Nxe4 {[%clk 01:29:27]} {[%emt 00:01:10]} Nf6
{[%clk 01:31:27]} {[%emt 00:00:07]} 5. Ng3 {[%clk 01:21:27]} {[%emt 00:08:30]}
h5 {[%clk 01:22:34]} {[%emt 00:09:22]} 6. h4 {[%clk 01:15:12]} {[%emt
00:06:45]} Nbd7 {[%clk 01:13:45]} {[%emt 00:09:20]} 7. Be2 {[%clk 01:13:16]}
{[%emt 00:02:24]} Qc7 {[%clk 01:01:50]} {[%emt 00:12:27]} 8. c3 {[%clk
00:54:15]} {[%emt 00:19:31]} e5 {[%clk 00:58:55]} {[%emt 00:03:26]} 9. dxe5
{[%clk 00:50:03]} {[%emt 00:04:40]} Nxe5 {[%clk 00:56:40]} {[%emt 00:02:45]}
10. Bf4 {[%clk 00:45:43]} {[%emt 00:04:51]} Bg4 {[%clk 00:50:45]} {[%emt
00:06:25]} 11. Bxe5 {[%clk 00:42:15]} {[%emt 00:03:58]} Qxe5 {[%clk 00:50:51]}
{[%emt 00:00:25]} 12. Qd4 {[%clk 00:42:36]} {[%emt 00:00:08]} Qxd4 {[%clk
00:50:43]} {[%emt 00:00:39]} 13. cxd4 {[%clk 00:42:50]} {[%emt 00:00:15]} Bb4+
{[%clk 00:50:44]} {[%emt 00:00:30]} 14. Kf1 {[%clk 00:42:19]} {[%emt 00:01:00]}
O-O-O {[%clk 00:50:41]} 15. Bxg4+ {[%clk 00:41:20]} {[%emt 00:02:01]} hxg4
{[%clk 00:51:02]} 16. N1e2 {[%clk 00:40:58]} {[%emt 00:01:02]} Ba5 {[%clk
00:49:51]} 17. Nf5 {[%clk 00:29:39]} {[%emt 00:13:30]} g6 {[%clk 00:48:07]} 18.
Ne3 {[%clk 00:29:24]} {[%emt 00:02:59]} Bb6 {[%clk 00:46:36]} 19. Nc2 {[%clk
00:28:06]} {[%emt 00:03:49]} g5 {[%clk 00:42:06]} 20. g3 {[%clk 00:22:58]}
{[%emt 00:10:40]} gxh4 {[%clk 00:42:30]} 21. gxh4 {[%clk 00:21:19]} {[%emt
00:02:13]} Rh6 {[%clk 00:41:44]} 22. h5 {[%clk 00:21:24]} {[%emt 00:01:43]}
Rxh5 {[%clk 00:41:25]} 23. Rxh5 {[%clk 00:21:39]} {[%emt 00:01:03]} Nxh5 {[%clk
00:41:51]} 24. Rd1 {[%clk 00:17:45]} {[%emt 00:04:28]} Ng7 {[%clk 00:38:31]}
25. Ne3 {[%clk 00:13:42]} {[%emt 00:08:23]} f5 {[%clk 00:38:27]} 26. Nc4 {[%clk
00:06:11]} {[%emt 00:08:34]} Bc7 {[%clk 00:34:13]} 27. Ke1 {[%clk 00:06:34]}
{[%emt 00:04:54]} f4 {[%clk 00:32:47]} 28. Ne5 {[%clk 00:06:25]} {[%emt
00:02:32]} f3 {[%clk 00:25:32]} 29. Nf4 {[%clk 00:03:18]} {[%emt 00:11:23]} c5
{[%clk 00:24:33]} 30. Nfg6 {[%clk 00:01:53]} {[%emt 00:03:25]} Nf5 {[%clk
00:16:52]} 31. dxc5 {[%clk 00:01:19]} {[%emt 00:09:15]} Ba5+ {[%clk 00:17:10]}
0-1

[Event "DVM U20w 2023"]
[Site "Magdeburg GER"]
[Date "2023.12.28"]
[Round "3"]
[White "Margaryan, Susanna"]
[Black "Mai, Mariella"]
[Result "1/2-1/2"]
[Termination "normal"]
[Board "7.2"]
[WhiteElo "1464"]
[BlackElo "1667"]
[WhiteClock "00:35:28"]
[BlackClock "00:01:53"]
[WhiteTeam "Elmshorner SC 1896"]
[BlackTeam "Meuselwitzer SV"]
[PlyCount "102"]
[WhiteFideId "16268210"]
[BlackFideId "16281780"]
[EventCountry "GER"]
[EventRounds "7"]
[EventType "team-swiss"]
[EventDate "2023.12.26"]

1. Nf3 {[%clk 01:29:37]} {[%emt 00:01:23]} Nf6 {[%clk 01:30:31]} {[%emt
00:00:29]} 2. c4 {[%clk 01:28:57]} {[%emt 00:01:10]} e6 {[%clk 01:29:28]}
{[%emt 00:01:33]} 3. d4 {[%clk 01:28:07]} {[%emt 00:01:22]} d5 {[%clk
01:28:59]} {[%emt 00:00:57]} 4. Nc3 {[%clk 01:27:18]} {[%emt 00:01:20]} c6
{[%clk 01:26:58]} {[%emt 00:02:30]} 5. Bg5 {[%clk 01:24:24]} {[%emt 00:03:24]}
Be7 {[%clk 01:25:47]} {[%emt 00:01:42]} 6. e3 {[%clk 01:23:38]} {[%emt
00:01:15]} Nbd7 {[%clk 01:23:39]} {[%emt 00:02:37]} 7. c5 {[%clk 01:21:54]}
{[%emt 00:02:16]} b6 {[%clk 01:20:45]} {[%emt 00:03:24]} 8. b4 {[%clk
01:16:42]} {[%emt 00:05:41]} h6 {[%clk 01:17:34]} {[%emt 00:03:43]} 9. Bh4
{[%clk 01:10:44]} {[%emt 00:06:26]} bxc5 {[%clk 01:13:49]} {[%emt 00:04:15]}
10. bxc5 {[%clk 01:10:09]} {[%emt 00:01:06]} Qa5 {[%clk 01:11:52]} {[%emt
00:02:26]} 11. Qd2 {[%clk 01:09:13]} {[%emt 00:01:26]} Ba6 {[%clk 01:01:46]}
{[%emt 00:10:36]} 12. Be2 {[%clk 01:06:59]} {[%emt 00:02:44]} Bxe2 {[%clk
01:01:02]} {[%emt 00:01:15]} 13. Nxe2 {[%clk 01:02:03]} {[%emt 00:05:25]} Qd8
{[%clk 00:58:36]} {[%emt 00:02:55]} 14. O-O {[%clk 00:57:53]} {[%emt 00:04:42]}
Ne4 {[%clk 00:56:01]} {[%emt 00:03:05]} 15. Bxe7 {[%clk 00:56:24]} {[%emt
00:01:59]} Nxd2 {[%clk 00:55:28]} {[%emt 00:01:03]} 16. Bxd8 {[%clk 00:56:42]}
{[%emt 00:00:11]} Nxf3+ {[%clk 00:55:52]} {[%emt 00:00:06]} 17. gxf3 {[%clk
00:56:52]} {[%emt 00:00:20]} Rxd8 {[%clk 00:56:05]} {[%emt 00:00:18]} 18. Rfb1
{[%clk 00:56:17]} {[%emt 00:01:03]} Rb8 {[%clk 00:50:40]} {[%emt 00:05:55]} 19.
Rxb8+ {[%clk 00:55:48]} {[%emt 00:01:00]} Nxb8 {[%clk 00:51:02]} {[%emt
00:00:08]} 20. Rb1 {[%clk 00:56:06]} {[%emt 00:00:12]} O-O {[%clk 00:50:39]}
{[%emt 00:00:52]} 21. Rb7 {[%clk 00:56:10]} {[%emt 00:00:27]} a6 {[%clk
00:50:25]} {[%emt 00:00:43]} 22. Nc3 {[%clk 00:55:40]} {[%emt 00:01:01]} Rd8
{[%clk 00:47:44]} {[%emt 00:03:09]} 23. Na4 {[%clk 00:54:30]} {[%emt 00:01:41]}
g5 {[%clk 00:39:46]} {[%emt 00:08:28]} 24. Nb6 {[%clk 00:54:20]} {[%emt
00:00:41]} Kg7 {[%clk 00:39:41]} {[%emt 00:00:34]} 25. Kg2 {[%clk 00:53:38]}
{[%emt 00:01:12]} Kg6 {[%clk 00:38:30]} {[%emt 00:01:41]} 26. Na8 {[%clk
00:53:06]} {[%emt 00:01:02]} h5 {[%clk 00:31:48]} {[%emt 00:07:12]} 27. Nc7
{[%clk 00:53:04]} {[%emt 00:00:32]} Kf5 {[%clk 00:29:28]} {[%emt 00:02:49]} 28.
Rb6 {[%clk 00:52:41]} {[%emt 00:00:53]} a5 {[%clk 00:29:28]} {[%emt 00:00:29]}
29. Na6 {[%clk 00:52:52]} {[%emt 00:00:20]} Nxa6 {[%clk 00:29:10]} {[%emt
00:00:49]} 30. Rxa6 {[%clk 00:53:16]} {[%emt 00:00:06]} Rc8 {[%clk 00:29:28]}
{[%emt 00:00:11]} 31. Rxa5 {[%clk 00:53:39]} {[%emt 00:00:06]} e5 {[%clk
00:28:54]} {[%emt 00:01:04]} 32. Ra6 {[%clk 00:52:36]} {[%emt 00:01:33]} exd4
{[%clk 00:26:13]} {[%emt 00:03:12]} 33. exd4 {[%clk 00:52:54]} {[%emt
00:00:11]} Kf4 {[%clk 00:26:30]} {[%emt 00:00:13]} 34. a4 {[%clk 00:51:04]}
{[%emt 00:02:19]} h4 {[%clk 00:25:44]} {[%emt 00:01:15]} 35. h3 {[%clk
00:51:09]} {[%emt 00:00:26]} f5 {[%clk 00:25:53]} {[%emt 00:00:21]} 36. Rb6
{[%clk 00:48:49]} {[%emt 00:02:49]} Ra8 {[%clk 00:24:38]} {[%emt 00:01:46]} 37.
Rb4 {[%clk 00:47:55]} {[%emt 00:01:24]} Ra6 {[%clk 00:23:06]} {[%emt 00:02:02]}
38. Rb6 {[%clk 00:46:46]} {[%emt 00:01:39]} Rxa4 {[%clk 00:22:31]} {[%emt
00:01:05]} 39. Rxc6 {[%clk 00:47:09]} {[%emt 00:00:07]} Rxd4 {[%clk 00:22:52]}
{[%emt 00:00:10]} 40. Rd6 {[%clk 00:46:03]} {[%emt 00:01:36]} Rd3 {[%clk
00:20:41]} {[%emt 00:02:40]} 41. Rd8 {[%clk 00:45:14]} {[%emt 00:01:20]} Rxf3
{[%clk 00:15:52]} {[%emt 00:05:18]} 42. Rxd5 {[%clk 00:45:26]} {[%emt
00:00:18]} Rc3 {[%clk 00:16:07]} {[%emt 00:00:16]} 43. Rd4+ {[%clk 00:44:52]}
{[%emt 00:01:05]} Ke5 {[%clk 00:16:06]} {[%emt 00:00:30]} 44. Rd8 {[%clk
00:44:45]} {[%emt 00:00:37]} Rxc5 {[%clk 00:16:06]} {[%emt 00:00:30]} 45. Rg8
{[%clk 00:43:37]} {[%emt 00:01:38]} Kf4 {[%clk 00:15:20]} {[%emt 00:01:16]} 46.
Rg7 {[%clk 00:43:48]} {[%emt 00:00:20]} Rc6 {[%clk 00:07:22]} {[%emt 00:08:28]}
47. Rh7 {[%clk 00:39:23]} {[%emt 00:04:54]} Rg6 {[%clk 00:05:53]} {[%emt
00:01:59]} 48. Ra7 {[%clk 00:38:44]} {[%emt 00:01:10]} g4 {[%clk 00:03:42]}
{[%emt 00:02:41]} 49. hxg4 {[%clk 00:37:17]} {[%emt 00:01:58]} fxg4 {[%clk
00:03:07]} {[%emt 00:01:04]} 50. Rf7+ {[%clk 00:37:10]} {[%emt 00:00:36]} Kg5
{[%clk 00:02:46]} {[%emt 00:00:52]} 51. f3 {[%clk 00:35:28]} {[%emt 00:02:12]}
gxf3+ {[%clk 00:01:53]} {[%emt 00:01:22]} 1/2-1/2

[Event "DVM U20w 2023"]
[Site "Magdeburg GER"]
[Date "2023.12.28"]
[Round "3"]
[White "Scheiding, Sophia"]
[Black "Neitzel, Emma"]
[Result "1/2-1/2"]
[Termination "normal"]
[Board "7.3"]
[WhiteElo "1421"]
[BlackElo "1118"]
[WhiteClock "00:27:35"]
[BlackClock "00:25:34"]
[WhiteTeam "Meuselwitzer SV"]
[BlackTeam "Elmshorner SC 1896"]
[PlyCount "82"]
[WhiteFideId "16287010"]
[BlackFideId "16298373"]
[EventCountry "GER"]
[EventRounds "7"]
[EventType "team-swiss"]
[EventDate "2023.12.26"]

1. e4 {[%clk 01:30:53]} {[%emt 00:00:06]} c5 {[%clk 01:30:37]} {[%emt
00:00:23]} 2. c3 {[%clk 01:31:10]} {[%emt 00:00:13]} d5 {[%clk 01:30:52]}
{[%emt 00:00:15]} 3. exd5 {[%clk 01:31:15]} {[%emt 00:00:26]} Qxd5 {[%clk
01:31:00]} {[%emt 00:00:21]} 4. Nf3 {[%clk 01:31:24]} {[%emt 00:00:21]} Nf6
{[%clk 01:30:45]} {[%emt 00:00:45]} 5. Na3 {[%clk 01:30:26]} {[%emt 00:01:28]}
a6 {[%clk 01:27:29]} {[%emt 00:03:46]} 6. Nc4 {[%clk 01:24:25]} {[%emt
00:06:31]} b5 {[%clk 01:13:42]} {[%emt 00:14:18]} 7. Ne3 {[%clk 01:21:11]}
{[%emt 00:03:44]} Qd8 {[%clk 01:11:46]} {[%emt 00:02:26]} 8. d4 {[%clk
01:18:08]} {[%emt 00:03:33]} e6 {[%clk 01:08:28]} {[%emt 00:03:47]} 9. Be2
{[%clk 01:14:52]} {[%emt 00:03:46]} Be7 {[%clk 01:07:49]} {[%emt 00:01:08]} 10.
O-O {[%clk 01:14:41]} {[%emt 00:00:43]} O-O {[%clk 01:07:28]} {[%emt 00:00:51]}
11. Qc2 {[%clk 01:12:41]} {[%emt 00:02:29]} Bb7 {[%clk 01:02:03]} {[%emt
00:05:56]} 12. Rd1 {[%clk 01:09:55]} {[%emt 00:03:15]} Qc7 {[%clk 01:00:28]}
{[%emt 00:02:05]} 13. Qd2 {[%clk 01:02:49]} {[%emt 00:07:37]} Rd8 {[%clk
00:58:14]} {[%emt 00:02:43]} 14. Qe1 {[%clk 01:01:21]} {[%emt 00:01:57]} Nc6
{[%clk 00:50:26]} {[%emt 00:08:16]} 15. Nc2 {[%clk 00:54:55]} {[%emt 00:06:54]}
h6 {[%clk 00:40:49]} {[%emt 00:10:10]} 16. h3 {[%clk 00:52:30]} {[%emt
00:02:56]} e5 {[%clk 00:36:37]} {[%emt 00:04:42]} 17. Be3 {[%clk 00:48:21]}
{[%emt 00:04:39]} exd4 {[%clk 00:24:50]} {[%emt 00:12:17]} 18. cxd4 {[%clk
00:48:33]} {[%emt 00:00:19]} Nd5 {[%clk 00:23:22]} {[%emt 00:01:58]} 19. Rac1
{[%clk 00:43:55]} {[%emt 00:05:08]} Nxe3 {[%clk 00:16:57]} {[%emt 00:06:54]}
20. Nxe3 {[%clk 00:44:06]} {[%emt 00:00:20]} Qb6 {[%clk 00:15:37]} {[%emt
00:01:50]} 21. dxc5 {[%clk 00:42:31]} {[%emt 00:02:05]} Bxc5 {[%clk 00:14:19]}
{[%emt 00:01:47]} 22. Nd5 {[%clk 00:41:08]} {[%emt 00:01:54]} Rxd5 {[%clk
00:14:03]} {[%emt 00:00:45]} 23. Rxd5 {[%clk 00:41:22]} {[%emt 00:00:16]} Bb4
{[%clk 00:08:54]} {[%emt 00:05:39]} 24. Qd1 {[%clk 00:39:14]} {[%emt 00:02:38]}
Ne7 {[%clk 00:07:11]} {[%emt 00:02:11]} 25. Rd3 {[%clk 00:37:13]} {[%emt
00:02:31]} Bc5 {[%clk 00:06:27]} {[%emt 00:01:15]} 26. Qf1 {[%clk 00:36:01]}
{[%emt 00:01:42]} Nd5 {[%clk 00:05:27]} {[%emt 00:01:31]} 27. Rcd1 {[%clk
00:33:21]} {[%emt 00:03:10]} Nf4 {[%clk 00:04:28]} {[%emt 00:01:29]} 28. a3
{[%clk 00:32:39]} {[%emt 00:01:13]} Nxd3 {[%clk 00:03:52]} {[%emt 00:01:06]}
29. Rxd3 {[%clk 00:32:43]} {[%emt 00:00:25]} Rd8 {[%clk 00:02:53]} {[%emt
00:01:29]} 30. Rxd8+ {[%clk 00:31:47]} {[%emt 00:01:26]} Qxd8 {[%clk 00:03:17]}
{[%emt 00:00:07]} 31. b4 {[%clk 00:31:45]} {[%emt 00:00:32]} Be7 {[%clk
00:02:59]} {[%emt 00:00:47]} 32. Nh2 {[%clk 00:25:44]} {[%emt 00:06:32]} Qd2
{[%clk 00:01:34]} {[%emt 00:01:55]} 33. Bf3 {[%clk 00:25:26]} {[%emt 00:00:48]}
Bxf3 {[%clk 00:01:30]} {[%emt 00:00:34]} 34. Nxf3 {[%clk 00:25:52]} {[%emt
00:00:04]} Qc3 {[%clk 00:01:36]} {[%emt 00:00:22]} 35. Qe1 {[%clk 00:25:41]}
{[%emt 00:00:42]} Qxe1+ {[%clk 00:01:33]} {[%emt 00:00:33]} 36. Nxe1 {[%clk
00:26:07]} {[%emt 00:00:05]} f6 {[%clk 00:01:52]} {[%emt 00:00:11]} 37. Kf1
{[%clk 00:26:25]} {[%emt 00:00:12]} Kf7 {[%clk 00:02:17]} {[%emt 00:00:04]} 38.
f3 {[%clk 00:26:48]} {[%emt 00:00:07]} g5 {[%clk 00:02:29]} {[%emt 00:00:18]}
39. Ke2 {[%clk 00:27:10]} {[%emt 00:00:07]} Ke6 {[%clk 00:02:52]} {[%emt
00:00:07]} 40. g4 {[%clk 00:27:21]} {[%emt 00:00:20]} Bd6 {[%clk 00:02:41]}
{[%emt 00:00:41]} 41. Nc2 {[%clk 00:27:35]} {[%emt 00:00:16]} Ke5 {[%clk
00:25:34]} {[%emt 00:07:25]} 1/2-1/2